Koncepcia celoživotného vzdelávania v Slovenskej republike (návrh MŠ SR - 2004)

Celkový rozvoj spoločnosti podčiarkuje strategický význam vzdelávania, výchovy a učenia. Európsky kontext - celoživotné vzdelávanie (CŽV). Koncepčné a rozvojové materiály v SR. Súčasný stav CŽV v SR. Legislatíva a riadenie. Financovanie vzdelávania. Hodnotenie kvality vzdelávania. Uznávanie kvalifik...

Descrizione completa

Salvato in:
Dettagli Bibliografici
Natura: Capitolo di libro
Lingua:slovacco
Soggetti:
Tags: Aggiungi Tag
Nessun Tag, puoi essere il primo ad aggiungerne!!

MARC

LEADER 00000naa$a2200000$$$4500
001 0018398
005 20230918124900.8
041 0 |a slo 
044 |a SK 
245 1 0 |a Koncepcia celoživotného vzdelávania v Slovenskej republike  |b (návrh MŠ SR - 2004) 
520 |a Celkový rozvoj spoločnosti podčiarkuje strategický význam vzdelávania, výchovy a učenia. Európsky kontext - celoživotné vzdelávanie (CŽV). Koncepčné a rozvojové materiály v SR. Súčasný stav CŽV v SR. Legislatíva a riadenie. Financovanie vzdelávania. Hodnotenie kvality vzdelávania. Uznávanie kvalifikácií. Informačný a poradenský systém. Strategické ciele rozvoja CŽV v SR. 
610 2 0 |a vzdelávanie celoživotné 
610 2 0 |a výchova 
610 2 0 |a koncepcie 
610 2 0 |a legislatíva 
610 2 0 |a riadenie 
610 2 0 |a financovanie 
610 2 0 |a kvalita 
610 2 0 |a kvalifikácia 
610 2 0 |a systémy informačné 
610 2 0 |a poradenstvo 
610 2 0 |a Slovensko 
610 2 0 |a 2004